[Event "Bundesliga 0001"]
[Site "Deutschland"]
[Date "2000.10.15"]
[Round "2.6"]
[White "Pelletier, Yannick"]
[Black "Sadler, Matthew"]
[Result "1/2-1/2"]
[WhiteElo "2474"]
[BlackElo "2628"]
[PlyCount "104"]
[EventDate "2000.10.14"]
[EventType "team"]
[EventRounds "15"]
[EventCountry "GER"]
[SourceTitle "Bundesliga 0001"]
[Source "DeepChess"]
[SourceDate "2005.01.01"]
[SourceVersion "1"]
[SourceVersionDate "2005.01.01"]
[SourceQuality "1"]
[WhiteTeam "SAbt SV Werder Bremen"]
[BlackTeam "SG 1868 Aljech. Solingen"]
[WhiteTeamCountry "GER"]
[BlackTeamCountry "GER"]

1. d4 d5 2. c4 e6 3. Nc3 Nf6 4. Bg5 Be7 5. e3 O-O 6. Nf3 h6 7. Bh4 b6 8. Bd3
dxc4 9. Bxc4 Bb7 10. Qe2 a6 11. Bd3 Nbd7 12. Rd1 c5 13. dxc5 Bxc5 14. O-O Qb8
15. Bg3 Qa7 16. Bb1 Rfe8 17. Ne5 Nxe5 18. Bxe5 Be7 19. Bxf6 Bxf6 20. Ne4 Be7
21. Rd7 Rad8 22. Rfd1 Qa8 23. f3 Rxd7 24. Rxd7 Qc8 25. Rd1 Rd8 26. Rxd8+ Qxd8
27. Nc3 b5 28. Qd3 f5 29. Qxd8+ Bxd8 30. a4 b4 31. Nd1 Bd5 32. Bc2 Kf7 33. Kf2
Kf6 34. b3 Bb6 35. Ke2 g5 36. g3 h5 37. Nb2 a5 38. Nc4 Bc7 39. Nd2 h4 40. gxh4
gxh4 41. h3 Bc6 42. f4 e5 43. Nf3 exf4 44. Nxh4 Bd7 45. exf4 Bxf4 46. Nf3 Bg3
47. Kd3 Be6 48. Bd1 Bf7 49. Kc2 Bf2 50. Be2 Bb6 51. Bc4 Bh5 52. Bd5 Bxf3
1/2-1/2

[Event "Bundesliga 0001"]
[Site "Deutschland"]
[Date "2000.10.15"]
[Round "2.7"]
[White "Emms, John M"]
[Black "Joachim, Sven"]
[Result "1-0"]
[WhiteElo "2527"]
[BlackElo "2445"]
[PlyCount "35"]
[EventDate "2000.10.14"]
[EventType "team"]
[EventRounds "15"]
[EventCountry "GER"]
[SourceTitle "Bundesliga 0001"]
[Source "DeepChess"]
[SourceDate "2005.01.01"]
[SourceVersion "1"]
[SourceVersionDate "2005.01.01"]
[SourceQuality "1"]
[WhiteTeam "SG 1868 Aljech. Solingen"]
[BlackTeam "SAbt SV Werder Bremen"]
[WhiteTeamCountry "GER"]
[BlackTeamCountry "GER"]

1. e4 c5 2. Nf3 Nc6 3. d4 cxd4 4. Nxd4 Nf6 5. Nc3 d6 6. Bc4 e6 7. O-O Be7 8.
Be3 O-O 9. Kh1 a6 10. a4 Qc7 11. Qe2 Bd7 12. f4 Rac8 13. Ba2 Na5 14. Rad1 Nc4
15. Bc1 Qc5 16. e5 dxe5 17. fxe5 Ne8 18. Nf5 1-0

[Event "Bundesliga 0001"]
[Site "Deutschland"]
[Date "2000.10.15"]
[Round "2.1"]
[White "Feygin, Michail"]
[Black "Rogozenko, Dorian"]
[Result "1/2-1/2"]
[WhiteElo "2482"]
[BlackElo "2531"]
[PlyCount "34"]
[EventDate "2000.10.14"]
[EventType "team"]
[EventRounds "15"]
[EventCountry "GER"]
[SourceTitle "Bundesliga 0001"]
[Source "DeepChess"]
[SourceDate "2005.01.01"]
[SourceVersion "1"]
[SourceVersionDate "2005.01.01"]
[SourceQuality "1"]
[WhiteTeam "SC Hassel KS Gelsenkirchen"]
[BlackTeam "USC Magdeburg"]
[WhiteTeamCountry "GER"]
[BlackTeamCountry "GER"]

1. e4 c5 2. Nf3 Nc6 3. d4 cxd4 4. Nxd4 Nf6 5. Nc3 e5 6. Ndb5 d6 7. Nd5 Nxd5 8.
exd5 Nb8 9. c4 Be7 10. Be2 O-O 11. O-O Nd7 12. Be3 a6 13. Nc3 f5 14. f3 Bg5 15.
Bf2 Rf6 16. b4 Rh6 17. g3 Qe8 1/2-1/2

[Event "Bundesliga 0001"]
[Site "Deutschland"]
[Date "2000.10.15"]
[Round "2.2"]
[White "Slobodjan, Roman"]
[Black "Kishnev, Sergey"]
[Result "1-0"]
[WhiteElo "2539"]
[BlackElo "2495"]
[PlyCount "83"]
[EventDate "2000.10.14"]
[EventType "team"]
[EventRounds "15"]
[EventCountry "GER"]
[SourceTitle "Bundesliga 0001"]
[Source "DeepChess"]
[SourceDate "2005.01.01"]
[SourceVersion "1"]
[SourceVersionDate "2005.01.01"]
[SourceQuality "1"]
[WhiteTeam "USC Magdeburg"]
[BlackTeam "SC Hassel KS Gelsenkirchen"]
[WhiteTeamCountry "GER"]
[BlackTeamCountry "GER"]

1. d4 Nf6 2. Nf3 d5 3. c4 e6 4. g3 dxc4 5. Bg2 Nc6 6. Qa4 Bb4+ 7. Bd2 Nd5 8.
Qc2 Nb6 9. Bc3 O-O 10. Nbd2 Qe7 11. O-O Rd8 12. a3 Bd6 13. e4 e5 14. d5 Nb8 15.
Ba5 N8d7 16. Rfc1 Nc5 17. Bxb6 axb6 18. Nxc4 Bg4 19. Nfd2 Be2 20. Bf1 Bxc4 21.
Nxc4 Rac8 22. Bh3 Ra8 23. b4 Na6 24. Qb3 Qg5 25. Bf1 Qg6 26. Qe3 Rd7 27. Rab1
Qf6 28. Rb3 Be7 29. Qc3 Bd6 30. Qc2 Be7 31. Qb2 Bd6 32. Rbc3 h5 33. Qc2 h4 34.
Nxd6 cxd6 35. Qa4 Qd8 36. Qb5 hxg3 37. hxg3 Kh7 38. Bh3 Rc7 39. Rxc7 Nxc7 40.
Qxb6 Ne6 41. Qxd8 Nxd8 42. Rc8 1-0

[Event "Bundesliga 0001"]
[Site "Deutschland"]
[Date "2000.10.15"]
[Round "2.3"]
[White "Kalka, Arkadius Georg"]
[Black "Baklan, Vladimir"]
[Result "1-0"]
[WhiteElo "2378"]
[BlackElo "2599"]
[PlyCount "93"]
[EventDate "2000.10.14"]
[EventType "team"]
[EventRounds "15"]
[EventCountry "GER"]
[SourceTitle "Bundesliga 0001"]
[Source "DeepChess"]
[SourceDate "2005.01.01"]
[SourceVersion "1"]
[SourceVersionDate "2005.01.01"]
[SourceQuality "1"]
[WhiteTeam "SC Hassel KS Gelsenkirchen"]
[BlackTeam "USC Magdeburg"]
[WhiteTeamCountry "GER"]
[BlackTeamCountry "GER"]

1. e4 c5 2. Nf3 d6 3. d4 cxd4 4. Nxd4 Nf6 5. Nc3 Nc6 6. Bg5 e6 7. Qd2 a6 8.
O-O-O Bd7 9. Be2 b5 10. Nxc6 Bxc6 11. Qe3 h6 12. Bh4 Ng4 13. Qh3 g5 14. Bg3 Nf6
15. Bxd6 Bxd6 16. e5 Nd5 17. exd6 Qxd6 18. Kb1 Qf4 19. Rhe1 Kf8 20. Nxd5 Bxd5
21. Qc3 Kg8 22. g3 Qxf2 23. h4 Rh7 24. Bd3 Rg7 25. Rf1 Qh2 26. b3 Rf8 27. Rf6
gxh4 28. Rxh6 Qxg3 29. Qb4 Re8 30. Rxh4 f5 31. Bxf5 exf5 32. Rxd5 Qe1+ 33. Qxe1
Rxe1+ 34. Kb2 Rf1 35. Rh6 a5 36. Rxb5 f4 37. Rxa5 Rf7 38. Rhh5 Kg7 39. Rag5+
Kf6 40. Rf5+ Kg6 41. Rhg5+ Kh6 42. a4 Rxf5 43. Rxf5 Kg6 44. Rf8 Kg7 45. Rd8 f3
46. Rd3 f2 47. Rf3 1-0

[Event "Bundesliga 0001"]
[Site "Deutschland"]
[Date "2000.10.15"]
[Round "2.4"]
[White "Thesing, Matthias"]
[Black "Kotter, Ralf"]
[Result "1-0"]
[WhiteElo "2438"]
[BlackElo "2369"]
[PlyCount "67"]
[EventDate "2000.10.14"]
[EventType "team"]
[EventRounds "15"]
[EventCountry "GER"]
[SourceTitle "Bundesliga 0001"]
[Source "DeepChess"]
[SourceDate "2005.01.01"]
[SourceVersion "1"]
[SourceVersionDate "2005.01.01"]
[SourceQuality "1"]
[WhiteTeam "USC Magdeburg"]
[BlackTeam "SC Hassel KS Gelsenkirchen"]
[WhiteTeamCountry "GER"]
[BlackTeamCountry "GER"]

1. e4 c5 2. Nc3 e6 3. f4 a6 4. Nf3 Nc6 5. g3 Nge7 6. Bg2 d5 7. d3 g6 8. O-O Bg7
9. e5 b5 10. Ne2 O-O 11. c3 Qc7 12. Be3 Rb8 13. d4 Nf5 14. Bf2 cxd4 15. cxd4 h5
16. h3 a5 17. g4 hxg4 18. hxg4 Nfe7 19. Nc1 Ba6 20. Nb3 Rbc8 21. Nc5 Nb8 22.
Be3 b4 23. Rf2 Bb5 24. Rc1 Qa7 25. Rfc2 Na6 26. Qe1 Nxc5 27. Rxc5 Rxc5 28. Rxc5
Qb6 29. Qh4 Nc6 30. Ng5 Rc8 31. f5 gxf5 32. gxf5 exf5 33. Qh7+ Kf8 34. Qxf5 1-0

[Event "Bundesliga 0001"]
[Site "Deutschland"]
[Date "2000.10.15"]
[Round "2.5"]
[White "Baumhus, Reinhard"]
[Black "Georgiev, Vladimir"]
[Result "0-1"]
[WhiteElo "2341"]
[BlackElo "2564"]
[PlyCount "72"]
[EventDate "2000.10.14"]
[EventType "team"]
[EventRounds "15"]
[EventCountry "GER"]
[SourceTitle "Bundesliga 0001"]
[Source "DeepChess"]
[SourceDate "2005.01.01"]
[SourceVersion "1"]
[SourceVersionDate "2005.01.01"]
[SourceQuality "1"]
[WhiteTeam "SC Hassel KS Gelsenkirchen"]
[BlackTeam "USC Magdeburg"]
[WhiteTeamCountry "GER"]
[BlackTeamCountry "GER"]

1. e4 c5 2. Nc3 Nc6 3. g3 g6 4. Bg2 Bg7 5. d3 Rb8 6. Be3 b5 7. Qd2 b4 8. Nd1 d6
9. Ne2 Nf6 10. h3 O-O 11. f4 Nd7 12. O-O a5 13. g4 Nd4 14. f5 Ba6 15. Nf4 a4
16. c3 bxc3 17. bxc3 Nc6 18. Rc1 Nde5 19. c4 a3 20. Rc3 Qa5 21. Nd5 e6 22. Nf4
Nd4 23. Qc1 Rb4 24. Rxa3 Qb6 25. fxe6 Nxd3 26. Rxd3 fxe6 27. Bxd4 Bxd4+ 28.
Rxd4 cxd4 29. Nxe6 d3+ 30. c5 Rxf1+ 31. Bxf1 dxc5 32. Qxc5 Bc4 33. Qxb6 Rxb6
34. Nc5 Rb1 35. Ne3 d2 36. Nb3 Rxf1+ 0-1

[Event "Bundesliga 0001"]
[Site "Deutschland"]
[Date "2000.10.15"]
[Round "2.6"]
[White "Proehl, Holger"]
[Black "Balster, Stefan"]
[Result "1/2-1/2"]
[WhiteElo "2386"]
[BlackElo "2338"]
[PlyCount "86"]
[EventDate "2000.10.14"]
[EventType "team"]
[EventRounds "15"]
[EventCountry "GER"]
[SourceTitle "Bundesliga 0001"]
[Source "DeepChess"]
[SourceDate "2005.01.01"]
[SourceVersion "1"]
[SourceVersionDate "2005.01.01"]
[SourceQuality "1"]
[WhiteTeam "USC Magdeburg"]
[BlackTeam "SC Hassel KS Gelsenkirchen"]
[WhiteTeamCountry "GER"]
[BlackTeamCountry "GER"]

1. e4 c5 2. c3 Nf6 3. d3 Nc6 4. Nf3 g6 5. Be2 Bg7 6. O-O O-O 7. Qc2 d6 8. Re1
e5 9. Nbd2 h6 10. a3 a5 11. b3 Be6 12. Nf1 d5 13. Ne3 d4 14. Nc4 Qc7 15. cxd4
exd4 16. g3 Ne8 17. Bf1 Rc8 18. Bg2 Qd8 19. Bf4 Kh7 20. h4 b5 21. Ncd2 Qb6 22.
Rac1 Ne7 23. a4 b4 24. Nc4 Qa7 25. Qd2 f6 26. Qe2 Rf7 27. Nh2 Nc6 28. h5 g5 29.
Bd2 Ne5 30. f4 Nxc4 31. dxc4 Qc7 32. Qd3 Kh8 33. Re2 Bf8 34. f5 Bd7 35. Ng4 Bg7
36. Rf1 Nd6 37. e5 fxe5 38. Nxe5 Bxe5 39. Rxe5 Re8 40. Rxe8+ Nxe8 41. g4 Nf6
42. Qf3 Bc8 43. Re1 Bb7 1/2-1/2

[Event "Bundesliga 0001"]
[Site "Deutschland"]
[Date "2000.10.15"]
[Round "2.7"]
[White "Schirbel, Andreas"]
[Black "Markgraf, Alexander"]
[Result "0-1"]
[WhiteElo "2308"]
[BlackElo "2274"]
[PlyCount "64"]
[EventDate "2000.10.14"]
[EventType "team"]
[EventRounds "15"]
[EventCountry "GER"]
[SourceTitle "Bundesliga 0001"]
[Source "DeepChess"]
[SourceDate "2005.01.01"]
[SourceVersion "1"]
[SourceVersionDate "2005.01.01"]
[SourceQuality "1"]
[WhiteTeam "SC Hassel KS Gelsenkirchen"]
[BlackTeam "USC Magdeburg"]
[WhiteTeamCountry "GER"]
[BlackTeamCountry "GER"]

1. d4 g6 2. Nf3 Bg7 3. Bf4 d6 4. e3 Nd7 5. h3 e5 6. Bh2 Qe7 7. Be2 Ngf6 8. O-O
O-O 9. c4 Ne4 10. Qc2 f5 11. Nc3 Nxc3 12. bxc3 b6 13. Rae1 Bb7 14. Nd2 Kh8 15.
Bf3 e4 16. Bd1 Bh6 17. Kh1 Rae8 18. Qb1 Nf6 19. Ba4 Rc8 20. Bd1 Qd7 21. Qb5 Qe7
22. Nb3 c5 23. Be2 g5 24. Rd1 f4 25. exf4 gxf4 26. f3 Rg8 27. d5 Qg7 28. Rg1
Rce8 29. Nd2 e3 30. Nf1 Bc8 31. a4 Re5 32. Qb2 Rg5 0-1

[Event "Bundesliga 0001"]
[Site "Deutschland"]
[Date "2000.10.15"]
[Round "2.8"]
[White "Darnstaedt, Frank"]
[Black "Hille, Ralph Ingo"]
[Result "1/2-1/2"]
[WhiteElo "2330"]
[BlackElo "2244"]
[PlyCount "46"]
[EventDate "2000.10.14"]
[EventType "team"]
[EventRounds "15"]
[EventCountry "GER"]
[SourceTitle "Bundesliga 0001"]
[Source "DeepChess"]
[SourceDate "2005.01.01"]
[SourceVersion "1"]
[SourceVersionDate "2005.01.01"]
[SourceQuality "1"]
[WhiteTeam "USC Magdeburg"]
[BlackTeam "SC Hassel KS Gelsenkirchen"]
[WhiteTeamCountry "GER"]
[BlackTeamCountry "GER"]

1. e4 Nc6 2. Nf3 f5 3. exf5 d5 4. d4 Bxf5 5. Bb5 e6 6. Bxc6+ bxc6 7. Ne5 c5 8.
Qh5+ g6 9. Qe2 Bg7 10. Bf4 cxd4 11. g4 Be4 12. O-O g5 13. Bg3 Ne7 14. Nd2 Bxc2
15. Ndf3 d3 16. Qe3 O-O 17. Nxg5 Rf6 18. Nxd3 Bxd3 19. Qxd3 Rg6 20. Qe3 Qd7 21.
h3 Nc6 22. Nf3 Rf8 23. Ne5 Nxe5 1/2-1/2

[Event "Bundesliga 0001"]
[Site "Deutschland"]
[Date "2000.10.15"]
[Round "2.1"]
[White "Lutz, Christopher"]
[Black "Balcerak, Jakob"]
[Result "1-0"]
[WhiteElo "2595"]
[BlackElo "2413"]
[PlyCount "51"]
[EventDate "2000.10.14"]
[EventType "team"]
[EventRounds "15"]
[EventCountry "GER"]
[SourceTitle "Bundesliga 0001"]
[Source "DeepChess"]
[SourceDate "2005.01.01"]
[SourceVersion "1"]
[SourceVersionDate "2005.01.01"]
[SourceQuality "1"]
[WhiteTeam "SG Porz e.V."]
[BlackTeam "TSV Schott Mainz"]
[WhiteTeamCountry "GER"]
[BlackTeamCountry "GER"]

1. e4 c5 2. Nf3 d6 3. d4 cxd4 4. Nxd4 Nf6 5. Nc3 a6 6. Be2 e6 7. a4 Nc6 8. Be3
Be7 9. O-O O-O 10. f4 Qc7 11. Kh1 Re8 12. Bf3 Bf8 13. Nb3 b6 14. a5 bxa5 15.
Qd2 Rb8 16. Qf2 Nd7 17. Rfd1 Rb4 18. Bd2 Nb6 19. Ne2 a4 20. Bxb4 Nxb4 21. Nbd4
Qc5 22. c3 Nc6 23. Nc1 Na5 24. b4 axb3 25. Nd3 Qxc3 26. Rac1 1-0

[Event "Bundesliga 0001"]
[Site "Deutschland"]
[Date "2000.10.15"]
[Round "2.3"]
[White "Vaganian, Rafael A"]
[Black "Lisanti, Andre"]
[Result "1-0"]
[WhiteElo "2623"]
[BlackElo "2300"]
[PlyCount "80"]
[EventDate "2000.10.14"]
[EventType "team"]
[EventRounds "15"]
[EventCountry "GER"]
[SourceTitle "Bundesliga 0001"]
[Source "DeepChess"]
[SourceDate "2005.01.01"]
[SourceVersion "1"]
[SourceVersionDate "2005.01.01"]
[SourceQuality "1"]
[WhiteTeam "SG Porz e.V."]
[BlackTeam "TSV Schott Mainz"]
[WhiteTeamCountry "GER"]
[BlackTeamCountry "GER"]

1. Nf3 Nf6 2. g3 g6 3. Bg2 Bg7 4. c4 O-O 5. d4 c5 6. O-O cxd4 7. Nxd4 Nc6 8.
Nc3 d6 9. Nxc6 bxc6 10. Bxc6 Rb8 11. Bg2 Be6 12. b3 Qd7 13. Bg5 Ng4 14. Rc1
Rfc8 15. h3 h6 16. Bd2 Nf6 17. Kh2 Rc5 18. Nd5 Nxd5 19. cxd5 Bxd5 20. Rxc5 Bxg2
21. Kxg2 dxc5 22. Bf4 Qc6+ 23. Kh2 Rc8 24. Qd3 e5 25. Be3 e4 26. Qc4 Bf8 27.
Rc1 a5 28. a3 Bg7 29. Qxc5 Qxc5 30. Rxc5 Rb8 31. Rxa5 Rxb3 32. Ra8+ Kh7 33. Ra7
Kg8 34. a4 g5 35. a5 f5 36. a6 Ra3 37. Ra8+ Kh7 38. a7 f4 39. Bc5 fxg3+ 40. Kg2
Rf3 1-0

[Event "Bundesliga 0001"]
[Site "Deutschland"]
[Date "2000.10.15"]
[Round "2.4"]
[White "Wornath, Kai Rudolf"]
[Black "Hansen, Curt"]
[Result "0-1"]
[WhiteElo "2398"]
[BlackElo "2613"]
[PlyCount "92"]
[EventDate "2000.10.14"]
[EventType "team"]
[EventRounds "15"]
[EventCountry "GER"]
[SourceTitle "Bundesliga 0001"]
[Source "DeepChess"]
[SourceDate "2005.01.01"]
[SourceVersion "1"]
[SourceVersionDate "2005.01.01"]
[SourceQuality "1"]
[WhiteTeam "TSV Schott Mainz"]
[BlackTeam "SG Porz e.V."]
[WhiteTeamCountry "GER"]
[BlackTeamCountry "GER"]

1. d4 d6 2. c4 e5 3. Nf3 e4 4. Nfd2 f5 5. g3 g6 6. Bg2 Bg7 7. O-O Ne7 8. Nc3
O-O 9. Nb3 c6 10. f3 d5 11. cxd5 exf3 12. exf3 Nxd5 13. f4 b6 14. Nxd5 cxd5 15.
Be3 Nc6 16. Rc1 Qd6 17. Qf3 Be6 18. Rc3 Rac8 19. Rfc1 Ne7 20. Qe2 Rc4 21. Qf2
Rfc8 22. Bf1 Rxc3 23. Rxc3 Rxc3 24. bxc3 Qc6 25. Bd2 Nc8 26. Qe2 Bf7 27. Nc1
Nd6 28. Nd3 Ne4 29. Ne5 Bxe5 30. dxe5 Nxc3 31. Bxc3 Qxc3 32. Qb5 Qc5+ 33. Kg2
Qc8 34. Qa4 a5 35. Kh3 Kf8 36. Qb5 Qc7 37. Bg2 d4 38. Bd5 Qc5 39. Qxc5+ bxc5
40. Bxf7 Kxf7 41. Kg2 c4 42. Kf2 c3 43. Ke2 c2 44. Kd2 d3 45. Kc1 Ke6 46. Kd2
a4 0-1

[Event "Bundesliga 0001"]
[Site "Deutschland"]
[Date "2000.10.15"]
[Round "2.5"]
[White "Graf, Alexander"]
[Black "Neidhardt, Claus Ulrich"]
[Result "1-0"]
[WhiteElo "2642"]
[BlackElo "2429"]
[PlyCount "85"]
[EventDate "2000.10.14"]
[EventType "team"]
[EventRounds "15"]
[EventCountry "GER"]
[SourceTitle "Bundesliga 0001"]
[Source "DeepChess"]
[SourceDate "2005.01.01"]
[SourceVersion "1"]
[SourceVersionDate "2005.01.01"]
[SourceQuality "1"]
[WhiteTeam "SG Porz e.V."]
[BlackTeam "TSV Schott Mainz"]
[WhiteTeamCountry "GER"]
[BlackTeamCountry "GER"]

1. d4 d5 2. c4 e6 3. Nc3 Nf6 4. Bg5 Be7 5. e3 h6 6. Bh4 O-O 7. Rc1 Ne4 8. Bxe7
Qxe7 9. cxd5 Nxc3 10. bxc3 exd5 11. Ne2 Nd7 12. Nf4 Nf6 13. Qb3 c6 14. Bd3 Ne4
15. c4 dxc4 16. Qxc4 Bf5 17. Qc2 Rfe8 18. O-O Qg5 19. Qb2 Nd6 20. Rc5 Re7 21.
Rfc1 Qf6 22. Nh5 Qe6 23. Re5 Qd7 24. d5 Rxe5 25. Qxe5 f6 26. Bxf5 Nxf5 27. dxc6
bxc6 28. Qxf6 Rd8 29. Qa1 Qf7 30. Rd1 Rxd1+ 31. Qxd1 Qxa2 32. g4 Ne7 33. Qd4
Qb1+ 34. Kg2 Qg6 35. h3 Qg5 36. Qxa7 Qd5+ 37. Kh2 Qd6+ 38. Ng3 Ng6 39. Qa2+ Kh8
40. f4 Qd3 41. Nf5 Qc3 42. h4 Kh7 43. h5 1-0

[Event "Bundesliga 0001"]
[Site "Deutschland"]
[Date "2000.10.15"]
[Round "2.6"]
[White "Bewersdorff, Oliver"]
[Black "Nijboer, Friso"]
[Result "0-1"]
[WhiteElo "2364"]
[BlackElo "2537"]
[PlyCount "92"]
[EventDate "2000.10.14"]
[EventType "team"]
[EventRounds "15"]
[EventCountry "GER"]
[SourceTitle "Bundesliga 0001"]
[Source "DeepChess"]
[SourceDate "2005.01.01"]
[SourceVersion "1"]
[SourceVersionDate "2005.01.01"]
[SourceQuality "1"]
[WhiteTeam "TSV Schott Mainz"]
[BlackTeam "SG Porz e.V."]
[WhiteTeamCountry "GER"]
[BlackTeamCountry "GER"]

1. Nf3 Nf6 2. c4 g6 3. g3 Bg7 4. Bg2 O-O 5. d4 d6 6. Nc3 Nc6 7. O-O Rb8 8. h3
a6 9. Be3 b5 10. Nd2 Bb7 11. Rc1 Na5 12. d5 c5 13. b3 Nd7 14. Nce4 Bc8 15. b4
cxb4 16. c5 dxc5 17. Nxc5 Nxc5 18. Bxc5 Nb7 19. Bxb4 a5 20. Bc3 Bxc3 21. Rxc3
b4 22. Rc1 Nd6 23. Nb3 Bd7 24. Nd4 Nb5 25. Nc6 Bxc6 26. dxc6 Nc3 27. Qc2 Qc7
28. a3 e5 29. axb4 axb4 30. e3 Rfe8 31. Ra1 Rb6 32. Ra5 e4 33. Rfa1 Qxc6 34.
Bf1 b3 35. Qb2 Na2 36. Kg2 Reb8 37. Be2 Qf6 38. Re5 Nb4 39. Rb1 Nd3 40. Bxd3
exd3 41. Rd5 Qc6 42. Qd4 Rb5 43. e4 Rxd5 44. exd5 Qc2 45. Qa7 Rf8 46. Qa1 d2
0-1

[Event "Bundesliga 0001"]
[Site "Deutschland"]
[Date "2000.10.15"]
[Round "2.8"]
[White "Treppner, Gerd"]
[Black "Van den Doel, Erik"]
[Result "1-0"]
[WhiteElo "2307"]
[BlackElo "2547"]
[PlyCount "79"]
[EventDate "2000.10.14"]
[EventType "team"]
[EventRounds "15"]
[EventCountry "GER"]
[SourceTitle "Bundesliga 0001"]
[Source "DeepChess"]
[SourceDate "2005.01.01"]
[SourceVersion "1"]
[SourceVersionDate "2005.01.01"]
[SourceQuality "1"]
[WhiteTeam "TSV Schott Mainz"]
[BlackTeam "SG Porz e.V."]
[WhiteTeamCountry "GER"]
[BlackTeamCountry "GER"]

1. d4 d5 2. c4 dxc4 3. Nf3 Nf6 4. e3 e6 5. Bxc4 c5 6. Qe2 cxd4 7. exd4 a6 8.
O-O Be7 9. Nc3 O-O 10. Bg5 b5 11. Bb3 Nc6 12. Rfd1 Nd5 13. Nxd5 exd5 14. Bxe7
Nxe7 15. Ne5 Bf5 16. Rac1 Qd6 17. Rc5 Kh8 18. Qf3 Be6 19. Qf4 Qb6 20. Bc2 f6
21. Qh4 h6 22. Ng6+ Nxg6 23. Bxg6 Bg8 24. Qf4 Ra7 25. h4 Re7 26. Rdc1 f5 27.
Rc6 Qd8 28. h5 Re2 29. Bxf5 Qe7 30. Rc8 Re4 31. Qb8 Rxc8 32. Rxc8 Re1+ 33. Kh2
Qf7 34. Rf8 Qxh5+ 35. Bh3 Kh7 36. Rxg8 Re4 37. Rh8+ Kg6 38. Qg3+ Kf7 39. Qc7+
Kg6 40. Rg8 1-0

[Event "Bundesliga 0001"]
[Site "Deutschland"]
[Date "2000.10.15"]
[Round "2.1"]
[White "Rozentalis, Eduardas"]
[Black "Bischoff, Klaus"]
[Result "1/2-1/2"]
[WhiteElo "2570"]
[BlackElo "2556"]
[PlyCount "63"]
[EventDate "2000.10.14"]
[EventType "team"]
[EventRounds "15"]
[EventCountry "GER"]
[SourceTitle "Bundesliga 0001"]
[Source "DeepChess"]
[SourceDate "2005.01.01"]
[SourceVersion "1"]
[SourceVersionDate "2005.01.01"]
[SourceQuality "1"]
[WhiteTeam "SV Castrop Rauxel 1923"]
[BlackTeam "SK Koenig Plauen"]
[WhiteTeamCountry "GER"]
[BlackTeamCountry "GER"]

1. e4 e6 2. d4 d5 3. e5 c5 4. c3 Nc6 5. Nf3 Bd7 6. Be2 Nge7 7. Na3 cxd4 8. cxd4
Nc8 9. O-O Be7 10. Nc2 a5 11. a4 N8a7 12. Bd3 h6 13. Nfe1 Qb6 14. Qg4 g6 15. h4
O-O-O 16. g3 Kb8 17. Qe2 Rc8 18. Nf3 Qb3 19. Be3 Nb4 20. Nxb4 Bxb4 21. Rfb1 Be7
22. Nd2 Qb6 23. Qd1 Nc6 24. Bb5 Qd8 25. Nb3 b6 26. Rc1 Nb4 27. Qe2 Rxc1+ 28.
Rxc1 Qe8 29. Bd2 Kb7 30. Qf3 Bxb5 31. axb5 h5 32. Bxb4 1/2-1/2

[Event "Bundesliga 0001"]
[Site "Deutschland"]
[Date "2000.10.15"]
[Round "2.2"]
[White "Boensch, Uwe"]
[Black "Gallagher, Joseph G"]
[Result "0-1"]
[WhiteElo "2558"]
[BlackElo "2514"]
[PlyCount "82"]
[EventDate "2000.10.14"]
[EventType "team"]
[EventRounds "15"]
[EventCountry "GER"]
[SourceTitle "Bundesliga 0001"]
[Source "DeepChess"]
[SourceDate "2005.01.01"]
[SourceVersion "1"]
[SourceVersionDate "2005.01.01"]
[SourceQuality "1"]
[WhiteTeam "SK Koenig Plauen"]
[BlackTeam "SV Castrop Rauxel 1923"]
[WhiteTeamCountry "GER"]
[BlackTeamCountry "GER"]

1. d4 d6 2. e4 Nf6 3. Nc3 g6 4. Nf3 Bg7 5. h3 O-O 6. Be3 a6 7. a4 b6 8. Bd3 Bb7
9. O-O e6 10. Re1 h6 11. e5 dxe5 12. Nxe5 Nc6 13. Qd2 Kh7 14. f4 Nxd4 15. Rad1
Nf5 16. Bf2 Nd6 17. Qe2 Qe8 18. h4 h5 19. a5 b5 20. Bc5 Kg8 21. Qf2 Rd8 22. b4
Qe7 23. Ne2 Qe8 24. Ng3 Nd7 25. Bd4 f5 26. c4 Nxe5 27. fxe5 Nxc4 28. Bxc4 bxc4
29. Ne2 Rf7 30. Nf4 Rfd7 31. Rd2 Be4 32. Red1 Bh6 33. Bc3 Rd3 34. Rxd3 cxd3 35.
Qg3 Kh7 36. Bd2 Qf7 37. Nxh5 gxh5 38. Bxh6 Rg8 39. Bg5 Qd7 40. Rc1 d2 41. Rd1
Bc2 0-1

[Event "Bundesliga 0001"]
[Site "Deutschland"]
[Date "2000.10.15"]
[Round "2.3"]
[White "Seul, Georg"]
[Black "Kindermann, Stefan"]
[Result "1/2-1/2"]
[WhiteElo "2447"]
[BlackElo "2519"]
[PlyCount "92"]
[EventDate "2000.10.14"]
[EventType "team"]
[EventRounds "15"]
[EventCountry "GER"]
[SourceTitle "Bundesliga 0001"]
[Source "DeepChess"]
[SourceDate "2005.01.01"]
[SourceVersion "1"]
[SourceVersionDate "2005.01.01"]
[SourceQuality "1"]
[WhiteTeam "SV Castrop Rauxel 1923"]
[BlackTeam "SK Koenig Plauen"]
[WhiteTeamCountry "GER"]
[BlackTeamCountry "GER"]

1. e4 e6 2. d3 d5 3. Qe2 Nf6 4. Nf3 Be7 5. g3 O-O 6. Bg2 c5 7. e5 Ne8 8. O-O
Nc6 9. c3 Nc7 10. Na3 b5 11. Nc2 Rb8 12. h4 b4 13. c4 b3 14. axb3 Rxb3 15. Ne3
Ba6 16. h5 Nd4 17. Qd1 dxc4 18. dxc4 Rd3 19. Qa4 Qb8 20. Nxd4 cxd4 21. Ng4 Rd8
22. h6 g6 23. Nf6+ Bxf6 24. exf6 e5 25. Re1 Re8 26. Bg5 Ne6 27. Rxe5 Bxc4 28.
Bf4 Bb3 29. Qxa7 Rd1+ 30. Kh2 Rxa1 31. Qxa1 Nxf4 32. Rxe8+ Qxe8 33. gxf4 Qf8
34. Kg3 Qxh6 35. Qa3 Be6 36. Qd6 Qf8 37. Qxd4 h5 38. b4 Qb8 39. Qc5 h4+ 40. Kh2
Qxf4+ 41. Kg1 h3 42. Bc6 Bf5 43. b5 Qg5+ 44. Kh2 Qf4+ 45. Kg1 Qg4+ 46. Kh2 Qf4+
1/2-1/2

[Event "Bundesliga 0001"]
[Site "Deutschland"]
[Date "2000.10.15"]
[Round "2.4"]
[White "Espig, Lutz"]
[Black "Watson, William N"]
[Result "0-1"]
[WhiteElo "2401"]
[BlackElo "2527"]
[PlyCount "40"]
[EventDate "2000.10.14"]
[EventType "team"]
[EventRounds "15"]
[EventCountry "GER"]
[SourceTitle "Bundesliga 0001"]
[Source "DeepChess"]
[SourceDate "2005.01.01"]
[SourceVersion "1"]
[SourceVersionDate "2005.01.01"]
[SourceQuality "1"]
[WhiteTeam "SK Koenig Plauen"]
[BlackTeam "SV Castrop Rauxel 1923"]
[WhiteTeamCountry "GER"]
[BlackTeamCountry "GER"]

1. d4 Nf6 2. Nf3 g6 3. c4 Bg7 4. g3 O-O 5. Bg2 d6 6. O-O Nbd7 7. Qc2 e5 8. Rd1
Qe7 9. Nc3 c6 10. b3 Re8 11. e3 Nf8 12. e4 Bg4 13. d5 cxd5 14. cxd5 Rac8 15. h3
Nxe4 16. Qxe4 f5 17. Qe3 e4 18. hxg4 Rxc3 19. Qe1 exf3 20. Bb2 Qf7 0-1